Bund kawar = بند کواڑ/ (Record no. 135579)
[ view plain ]
| 000 -LEADER | |
|---|---|
| fixed length control field | 00461nam a22001577a 4500 |
| 005 - DATE AND TIME OF LATEST TRANSACTION | |
| control field | 20241021105231.0 |
| 008 - FIXED-LENGTH DATA ELEMENTS--GENERAL INFORMATION | |
| fixed length control field | 241021b |||||||| |||| 00| 0 eng d |
| 040 ## - CATALOGING SOURCE | |
| Transcribing agency | PK-LaUMT |
| 082 ## - DEWEY DECIMAL CLASSIFICATION NUMBER | |
| Classification number | 891.4393 |
| Item number | SAA-B |
| 100 ## - MAIN ENTRY--PERSONAL NAME | |
| Personal name | Saadat Nasreen = سعادت نسرین |
| 245 ## - TITLE STATEMENT | |
| Title | Bund kawar = بند کواڑ/ |
| Statement of responsibility, etc | by Saadat Nasreen = سعادت نسرین |
| 260 ## - PUBLICATION, DISTRIBUTION, ETC. (IMPRINT) | |
| Place of publication, distribution, etc | Karachi : |
| Name of publisher, distributor, etc | Welcome Book Port, |
| Date of publication, distribution, etc | 2007 |
| 300 ## - PHYSICAL DESCRIPTION | |
| Extent | 269 p. |
| 546 ## - LANGUAGE NOTE | |
| Language note | Urdu |
| 942 ## - ADDED ENTRY ELEMENTS (KOHA) | |
| Koha item type | Books |
| Withdrawn status | Lost status | Damaged status | Home library | Current library | Date acquired | Full call number | Barcode | Date last seen | Price effective from | Koha item type |
|---|---|---|---|---|---|---|---|---|---|---|
| UMT Main Campus | UMT Main Campus | 2024-10-21 | 891.4393 SAA-B | 147730 | 2024-10-21 | 2024-10-21 | Books |
